| 000 | 01609nam a2200421 a 4500 | ||
|---|---|---|---|
| 999 |
_c23921 _d23921 |
||
| 001 | vtls001219994 | ||
| 005 | 20250922113737.0 | ||
| 008 | 160208s1996 xo a r y 0 slo | ||
| 020 | _a8085452472 | ||
| 035 | _aSNK000164538 | ||
| 035 | _aurn:nbn:sk:snk-amkfbn | ||
| 035 | _aurn:nbn:sk:snk-am008f37 | ||
| 035 | _a9782EBDD-5107-4E7B-836B-6A8150AAF987 | ||
| 040 |
_aSNK _bslo _cSNK _eAACR2 |
||
| 041 | 0 | _aslo | |
| 044 |
_axo _cSK |
||
| 080 |
_a82(091):820/899 (100)(075.3) _21981 |
||
| 080 |
_a820/899 (100)(091) _21981 |
||
| 080 |
_a885.4(091) _21981 |
||
| 080 |
_a82:37 _21981 |
||
| 245 | 0 | 0 |
_aČítanka pre 4. ročník gymnázií a stredných škôl _cNatália Ihnátková ... [et al.] |
| 260 |
_aBratislava _bLitera _c1996 |
||
| 300 |
_a399 s., [32] s. fareb. obr. príl. _bIlustr. _c21 cm |
||
| 650 | 0 | 7 |
_aliteratúra slovenská _xučebnice gymn. (4. roč.) _xučebnice stred. škôl (4. roč.) _xčítanky literárne _2SNK _94797 |
| 650 | 0 | 7 |
_aliteratúra svetová _xučebnice gymn. (4. roč.) _xučebnice stred. škôl (4. roč.) _xčítanky literárne _2SNK _94798 |
| 650 | 0 | 7 |
_ačítanky literárne _xliteratúra slovenská _xliteratúra svetová _xučebnice gymn. (4. roč.) _xučebnice stred. škôl (4. roč.) _2SNK _94799 |
| 655 | 7 |
_aučebnice _2SNK _93122 |
|
| 700 | 1 |
_aIhnátková, Natália, _d1939- _4aut _94800 |
|
| 700 | 1 |
_aFedorová, Mária _4aut _94801 |
|
| 700 | 1 |
_aKrahulcová, Valéria _4aut _94802 |
|
| 700 | 1 |
_aTrutz, Rudolf _4aut _94803 |
|
| 958 | _aOND | ||
| 958 | _aTL | ||
| 958 | _aUC | ||
| 958 | _aNB | ||
| 958 | _aLX | ||